000 00373nam a2200145Ia 4500
008 231129s1974||||xx |||||||||||||| ||spa||
020 _a84-211-7068-6
040 _bspa
082 _aPe863.44 / V297j
100 _aVargas Llosa Mario
245 0 _aLos jefes
260 _c1974
264 _aSeix Barral Editores
942 _2ddc
_cBKS
999 _c19777
_d19777